| 000 | 00815nam a2200277Ia 4500 | ||
|---|---|---|---|
| 003 | OSt | ||
| 005 | 20221007110506.0 | ||
| 006 | a|||||r|||| 00| 0 | ||
| 007 | ta | ||
| 008 | 221006b |||||||| |||| 00| 0 eng d | ||
| 020 | _a0855200189 | ||
| 024 | _a21,227 | ||
| 037 | _cTextual | ||
| 040 |
_aLCO _cLCO _beng |
||
| 041 |
_2eng _aeng |
||
| 082 | _aY1:45:5(Y), L3 | ||
| 100 | _aRobertson Roland | ||
| 245 | 0 |
_aDeviance, Crime and Socio - Legal Control _b Comparative Perspectives |
|
| 260 |
_aLondon _bMartin Robertson U.K. _c1973 |
||
| 300 | _a74 | ||
| 650 |
_aDEVIANCE _9707566 |
||
| 700 |
_a Campbell C.M. Ed. _9701497 |
||
| 700 |
_a Taylor Laurie _9425537 |
||
| 942 |
_hY1:45:5(Y), L3 _cTEXL |
||
| 999 |
_c1190790 _d1190790 |
||